Postacie z serii o Harrym Potterze (średni) - Statystyki

Ogólne statystyki
  • Ten quiz został rozwiązany 2 446 razy
  • Średni wynik to 10 z 13
Statystyki odpowiedzi
Hint Odpowiedź % Poprawnych
ojciec Harrego James Potter
97%
matka Harrego Lily Potter
96%
ojciec Rona Artur Weasley
88%
matka Rona Molly Weasley
87%
członkini Gwardii Dumbledore'a, przez niektórych była uznawana za nienormalną osobę, ponieważ wierzyła w nieistniejące magiczne stworzenia. Luna Lovegood
83%
Jedyny syn Franka i Alicji, lider w Gwardii Dumbledore'a, sierota od młodych lat, wychowywany przez babcię Neville Longbottom
82%
woźny Hogwartu, jego jedyną przyjaciółką była kotka Pani Norris Argus Filch
76%
nauczycielka Obrony przed Czarną Magią, następnie Wielki Inkwizytor Hogwartu, później dyrektorka Hogwartu, znienawidzona przez uczniów Dolores Umbridge
76%
producent wysokiej jakości różdżek, jeden z najlepszych w tym fachu, właściciel sklepu z różdżakmi na ulicy Pokątnej Garrick Ollivander
75%
uważany za najlepszego aurora swoich czasów, ważny członek Zakonu Feniksa zarówno podczas Pierwszej, jak i Drugiej Wojny Czarodziejów Alastor Moody
72%
uczestnik Turnieju Trójmagicznego jako reprezentant Hogwartu, zamordowany przez Voldemorta Cedrik Diggory
61%
wilkołak, nauczyciel obrony przed Czarną Magią, nauczył Harrego zaklęcia Patronusa Rumeus Lupin
57%
była jedną z najbardziej oddanych zwolenniczek Voldemorta, zabiła Syriusza Blacka Bellatriks Lestrange
43%
Nie znaleziono quizów pasujących do podanych kryteriów
Rozkład punktacji
Procent ludzi z każdym wynikiem
Percentyl według liczby udzielonych odpowiedzi
Twoja historia wyników
Nie rozwiązałeś tego quizu